Normal view
MARC view
- نهام، سحر صفاء هادي
Entry Personal Name
001 - CONTROL NUMBER
- control field: 64233
003 - CONTROL NUMBER IDENTIFIER
- control field: JO-AjAnu
005 - DATE AND TIME OF LATEST TRANSACTION
- control field: 20230606084500.0
008 - FIXED-LENGTH DATA ELEMENTS
- fixed length control field: 230606|| aca||aabn | a|a d
040 ## - CATALOGING SOURCE
- Original cataloging agency: JO-AjAnu
- Transcribing agency: JO-AjAnu
100 ## - HEADING--PERSONAL NAME
- Personal name: نهام، سحر صفاء هادي
670 ## - SOURCE DATA FOUND
- Source citation: Work cat.: (JO-AjAnu)32748: نهام، سحر صفاء هادي, author, ميكانيك التربة